| 000 | 00569nam a2200193 a 4500 | ||
|---|---|---|---|
| 001 | 18608 | ||
| 003 | CO-ViMGA | ||
| 008 | 141112s2004 ck r 000 u spa d | ||
| 020 | _a8495359146 | ||
| 040 |
_aCO-ViMGA _bspa _cCO-ViMGA |
||
| 082 | 0 | 4 | _a860.09 V171v |
| 100 | 1 |
_aVaranini, Francesco _926494 |
|
| 245 | 1 | 0 | _aViaje literario por América Latina |
| 260 |
_aBarcelona (España), _cEl Acantilado, _c2000 |
||
| 300 | _a831.p. | ||
| 590 | _aForma de adquisición : Premio - Mincultura | ||
| 650 | 1 | 4 |
_aLITERATURA HISPANOAméricaNA - SIGLO XX _926495 |
| 942 |
_2ddc _cBK |
||
| 999 |
_c27862 _d27862 |
||